Sports Quiz

Random Sports or Football Quiz

Costa Rican soccer players Quiz Stats

 Plays Quiz not verified by Sporcle

Also try: Big Ten School Map
Challenge
Share
Tweet
Score 0/20 Timer 06:00
0 Plays Today
% Correct
Bryan Ruiz
94.7%
Keylor Navas
84.2%
Paulo Wanchope
81.6%
Joel Campbell
73.7%
Rónald Gómez
44.7%
Walter Centeno
42.1%
Marco Ureña
36.8%
Cristian Gamboa
34.2%
Hernán Medford
31.6%
Michael Umaña
31.6%
% Correct
Rolando Fonseca
31.6%
Luis Marín
26.3%
Luis Gabelo Conejo
26.3%
Gilberto Martínez
23.7%
Harold Wallace
23.7%
Mauricio Solís
23.7%
Erick Lonnis
21.1%
Jervis Drummond
21.1%
Mauricio Wright
15.8%
Steven Bryce
13.2%

You're not logged in!

Compare scores with friends on all Sporcle quizzes.
Join for Free
OR
Log In

You Might Also Like...

Show Comments

Extras

Top Quizzes Today


Score Distribution

Your Account Isn't Verified!

In order to create a playlist on Sporcle, you need to verify the email address you used during registration. Go to your Sporcle Settings to finish the process.

Report this User

Report this user for behavior that violates our Community Guidelines.

Details: